[Event "Tarnowskie Gory Piasta Memorial 8th"]
[Site "Tarnowskie Gory"]
[Date "2010.08.01"]
[Round "3"]
[White "Noga, Jozef"]
[Black "Bogacki, Henryk"]
[Result "1-0"]
[WhiteElo "1987"]
[BlackElo "1614"]
[PlyCount "61"]
[EventDate "2010.07.31"]
[EventType "swiss"]
[EventRounds "10"]
[EventCountry "POL"]
[SourceTitle "EXT 2011"]
[Source "ChessBase"]
[SourceDate "2010.11.26"]
[SourceVersion "1"]
[SourceVersionDate "2010.11.26"]
[SourceQuality "1"]

1. d4 d5 2. e3 Nf6 3. c4 c6 4. Nc3 Bf5 5. Nf3 dxc4 6. Bxc4 e6 7. a4 Bb4 8. 0-0 0-0 9. Nh4 Bg4 10. f3 Bh5 11. g4 Nd5 12. Qe1 Be7 13. Ng2 Bg6 14. h4 h5 15. gxh5 Bxh5 16. Qg3 Bd6 17. Qh3 Nd7 18. e4 Nb4 19. Bg5 Qe8 20. e5 Nb6 21. Bb3 Be7 22. Nf4 g6 23. Nxe6 Bxg5 24. Nxg5 N6d5 25. Nxd5 Nxd5 26. Ne4 Kh8 27. Qg3 Ne3 28. Qg5 Nf5 29. Nf6 Qd8 30. Rad1 Ng7 31. Qh6# 1-0

[Event "Pszczyna op"]
[Site "Pszczyna"]
[Date "2009.07.17"]
[Round "6"]
[White "Orlowski, Adrian"]
[Black "Noga, Jozef"]
[Result "0-1"]
[WhiteElo "1506"]
[BlackElo "1995"]
[PlyCount "38"]
[EventDate "2009.07.14"]
[EventType "swiss"]
[EventRounds "9"]
[EventCountry "POL"]
[SourceTitle "CBM 131 Extra"]
[Source "ChessBase"]
[SourceDate "2009.09.03"]
[SourceVersion "2"]
[SourceVersionDate "2009.09.16"]
[SourceQuality "1"]

1. e4 d5 2. exd5 Qxd5 3. Nc3 Qd6 4. d4 Nf6 5. Nf3 Bg4 6. g3 Nc6 7. Nb5 Qd7 8. c4 a6 9. Nc3 Nxd4 10. Bg2 Nxf3+ 11. Bxf3 Qxd1+ 12. Bxd1 Bxd1 13. Kxd1 0-0-0+ 14. Ke2 e6 15. Bg5 Rd4 16. b3 Bb4 17. Rac1 Bxc3 18. Rxc3 Ne4 19. Ke3 c5 0-1

[Event "Pszczyna op"]
[Site "Pszczyna"]
[Date "2009.07.14"]
[Round "2"]
[White "Worek, Joanna"]
[Black "Noga, Jozef"]
[Result "1-0"]
[WhiteElo "2232"]
[BlackElo "1995"]
[PlyCount "66"]
[EventDate "2009.07.14"]
[EventType "swiss"]
[EventRounds "9"]
[EventCountry "POL"]
[SourceTitle "CBM 131 Extra"]
[Source "ChessBase"]
[SourceDate "2009.09.03"]
[SourceVersion "2"]
[SourceVersionDate "2009.09.16"]
[SourceQuality "1"]

1. Nf3 Nf6 2. d4 e6 3. c4 b6 4. g3 Ba6 5. Qc2 Bb4+ 6. Nbd2 Bb7 7. Bg2 0-0 8. 0-0 Bxd2 9. Bxd2 Ne4 10. Ng5 d5 11. Nxe4 dxe4 12. Bxe4 Bxe4 13. Qxe4 Nd7 14. Bc3 Nf6 15. Qf3 b5 16. b3 Qd7 17. d5 bxc4 18. bxc4 exd5 19. Bxf6 gxf6 20. Rad1 d4 21. Qxf6 Rad8 22. Rd2 Qd6 23. Qg5+ Kh8 24. e3 Qe6 25. Rxd4 Rxd4 26. exd4 f5 27. Qf4 Rf7 28. Rb1 Kg7 29. d5 Qd6 30. Qd4+ Kg6 31. Rb8 f4 32. Rg8+ Kh6 33. Re8 c5 1-0

[Event "Siemianowice op"]
[Site "Siemianowice"]
[Date "2008.12.14"]
[Round "8.4"]
[White "Galyga, Jozef"]
[Black "Noga, Jozef"]
[Result "1/2-1/2"]
[WhiteElo "1926"]
[BlackElo "2050"]
[PlyCount "52"]
[EventDate "2008.12.08"]
[EventType "swiss"]
[EventRounds "9"]
[EventCountry "POL"]
[SourceTitle "EXT 2023"]
[Source "ChessBase"]
[SourceDate "2022.10.05"]
[SourceVersion "1"]
[SourceVersionDate "2022.10.05"]
[SourceQuality "1"]

1. e4 d5 2. exd5 Qxd5 3. Nc3 Qd6 4. Bc4 Nf6 5. d3 a6 6. Nf3 Nc6 7. Be3 e6 8. 0-0 b5 9. Bb3 Bb7 10. Qe2 Be7 11. a4 b4 12. Ne4 Nxe4 13. dxe4 Ne5 14. Nd2 g5 15. Rad1 Bf6 16. Nc4 Qe7 17. Bd4 Nxc4 18. Bxc4 Bxd4 19. Rxd4 c5 20. Rd3 0-0 21. e5 Rfd8 22. f4 Rd4 23. Rxd4 cxd4 24. f5 d3 25. cxd3 Kh8 26. fxe6 fxe6 1/2-1/2

[Event "Siemianowice op"]
[Site "Siemianowice"]
[Date "2008.12.11"]
[Round "4.5"]
[White "Faron, Rafal"]
[Black "Noga, Jozef"]
[Result "0-1"]
[WhiteElo "1704"]
[BlackElo "2050"]
[PlyCount "97"]
[EventDate "2008.12.08"]
[EventType "swiss"]
[EventRounds "9"]
[EventCountry "POL"]
[SourceTitle "EXT 2023"]
[Source "ChessBase"]
[SourceDate "2022.10.05"]
[SourceVersion "1"]
[SourceVersionDate "2022.10.05"]
[SourceQuality "1"]

1. e4 d5 2. exd5 Qxd5 3. Nc3 Qd6 4. d3 Nf6 5. Nf3 Bg4 6. Be2 Nc6 7. 0-0 a6 8. Bd2 g6 9. a3 Bg7 10. Qc1 0-0 11. Bh6 Rfb8 12. Bxg7 Kxg7 13. h3 Bd7 14. Nd1 Nd5 15. Re1 Nf4 16. Bf1 Qf6 17. Qe3 Nd5 18. Qg5 Qd6 19. Ne3 Nxe3 20. Qxe3 f6 21. b4 e5 22. c4 b6 23. Rad1 Re8 24. Qc1 a5 25. b5 Nd4 26. Nxd4 Qxd4 27. Re4 Qc5 28. d4 exd4 29. Rexd4 Be6 30. Qc3 Re7 31. Rf4 Qe5 32. Qxe5 fxe5 33. Re4 Kf6 34. Re3 Rae8 35. Rc3 Rd7 36. Rxd7 Bxd7 37. c5 Rc8 38. Rf3+ Ke7 39. c6 Bf5 40. g4 Be6 41. Re3 Kf6 42. Rd3 Kg5 43. Re3 Kf6 44. Rd3 Re8 45. Rf3+ Ke7 46. Rd3 Rd8 47. Re3 Kd6 48. Rd3+ Bd5 49. Re3 0-1

[Event "Gora Sw Anny op 1st"]
[Site "Gora Sw Anny"]
[Date "2008.02.21"]
[Round "5"]
[White "Noga, Jozef"]
[Black "Andrae, Dirk"]
[Result "1-0"]
[WhiteElo "2054"]
[BlackElo "2118"]
[PlyCount "77"]
[EventDate "2008.02.18"]
[EventType "swiss"]
[EventRounds "9"]
[EventCountry "POL"]
[SourceTitle "CBM 122 Extra"]
[Source "ChessBase"]
[SourceDate "2008.03.04"]
[SourceVersion "1"]
[SourceVersionDate "2008.03.04"]
[SourceQuality "1"]

1. d4 d5 2. Nf3 e6 3. e3 Bd6 4. c4 c6 5. Nc3 f5 6. Ne5 Nf6 7. f4 0-0 8. Be2 Qe7 9. 0-0 Nbd7 10. Bd2 Kh8 11. c5 Bc7 12. g4 Ne4 13. Nxe4 dxe4 14. Be1 Nf6 15. Bh4 Qe8 16. Bc4 Nd5 17. Qe2 b6 18. gxf5 exf5 19. cxb6 axb6 20. Kh1 Be6 21. a3 b5 22. Bxd5 Bxd5 23. Rg1 Ra7 24. h3 c5 25. Rad1 Bxe5 26. dxe5 Bc4 27. Qg2 Qh5 28. Qg5 Qf3+ 29. Kh2 Bd3 30. Rde1 b4 31. Rg3 Qf2+ 32. Rg2 h6 33. Qh5 Qf3 34. Qg6 Bf1 35. Rxf1 Qxf1 36. e6 Qb5 37. e7 Rg8 38. Bf6 Rxe7 39. Qxh6# 1-0

[Event "IPCA Wch-B 8th"]
[Site "Wisla"]
[Date "2007.05.18"]
[Round "4"]
[White "Usoltsev, Dmitry"]
[Black "Noga, Jozef"]
[Result "1-0"]
[WhiteElo "2127"]
[BlackElo "2061"]
[PlyCount "59"]
[EventDate "2007.05.15"]
[EventType "swiss"]
[EventRounds "9"]
[EventCountry "POL"]
[SourceTitle "EXT 2011"]
[Source "ChessBase"]
[SourceDate "2010.11.26"]
[SourceVersion "1"]
[SourceVersionDate "2010.11.26"]
[SourceQuality "1"]

1. d4 d5 2. Nf3 c6 3. c4 e6 4. Qc2 f5 5. g3 Nf6 6. Bg2 Bd6 7. 0-0 0-0 8. b3 Nbd7 9. Bb2 Ne4 10. Nbd2 Qf6 11. Rad1 g5 12. Ne1 Qg6 13. Nd3 Ndf6 14. Nf3 Ng4 15. Nfe5 Bxe5 16. Nxe5 Nxe5 17. dxe5 g4 18. Ba3 Rf7 19. f3 gxf3 20. exf3 Nxg3 21. hxg3 Qxg3 22. Qf2 Qxe5 23. Bb2 Qf4 24. Rd4 Qg5 25. Rh4 e5 26. cxd5 cxd5 27. f4 Qd8 28. Bxe5 b6 29. Rh6 Bb7 30. Qg3+ 1-0

[Event "IPCA Wch-B 8th"]
[Site "Wisla"]
[Date "2007.05.17"]
[Round "3"]
[White "Noga, Jozef"]
[Black "Zareba, Zbigniew"]
[Result "1-0"]
[WhiteElo "2061"]
[BlackElo "1874"]
[PlyCount "47"]
[EventDate "2007.05.15"]
[EventType "swiss"]
[EventRounds "9"]
[EventCountry "POL"]
[SourceTitle "EXT 2011"]
[Source "ChessBase"]
[SourceDate "2010.11.26"]
[SourceVersion "1"]
[SourceVersionDate "2010.11.26"]
[SourceQuality "1"]

1. d4 b5 2. e4 Bb7 3. Bd3 e6 4. Qe2 a6 5. c3 Nf6 6. f4 d5 7. e5 Ne4 8. Nf3 Be7 9. 0-0 c5 10. Nbd2 Nxd2 11. Bxd2 Nd7 12. f5 Qb6 13. fxe6 fxe6 14. dxc5 Bxc5+ 15. Kh1 0-0-0 16. b4 Be7 17. a4 Bc6 18. Nd4 bxa4 19. Bxa6+ Bb7 20. Rxa4 Rhf8 21. Rfa1 Nb8 22. Bxb7+ Kxb7 23. Be3 Rc8 24. Nb5 1-0

[Event "Podhale-ch 18th"]
[Site "Rabka Zdroj"]
[Date "2002.02.05"]
[Round "8"]
[White "Prusak, Karol"]
[Black "Noga, Jozef"]
[Result "0-1"]
[WhiteElo "2000"]
[BlackElo "2114"]
[PlyCount "72"]
[EventDate "2002.02.01"]
[EventType "swiss"]
[EventRounds "9"]
[EventCountry "POL"]
[SourceTitle "EXT 2005"]
[Source "ChessBase"]
[SourceDate "2004.11.15"]
[SourceVersion "1"]
[SourceVersionDate "2004.11.15"]
[SourceQuality "1"]

1. e4 e5 2. f4 Bc5 3. c3 Bxg1 4. Rxg1 d6 5. d4 Nf6 6. Bd3 Qe7 7. Qc2 exd4 8. cxd4 Nxe4 9. Bxe4 f5 10. Kd2 fxe4 11. Nc3 0-0 12. g3 Nc6 13. Ke3 Qf7 14. a3 Be6 15. Qd2 d5 16. b3 Qh5 17. Qf2 Ne7 18. Kd2 Nf5 19. Kc2 Qf7 20. g4 Nd6 21. Be3 Kh8 22. h4 a5 23. f5 Bd7 24. h5 a4 25. b4 Nc4 26. Qg3 b6 27. Rgf1 Rac8 28. h6 c5 29. hxg7+ Qxg7 30. bxc5 Qxg4 31. Qe1 Rxf5 32. Rxf5 Bxf5 33. Nxd5 Qg2+ 34. Bf2 e3+ 35. Kc3 exf2 36. Qe7 Qf3+ 0-1

[Event "Polanica Zdroj op"]
[Site "Polanica Zdroj"]
[Date "2001.08.24"]
[Round "9"]
[White "Zaninotto, Franco"]
[Black "Noga, Jozef"]
[Result "1-0"]
[WhiteElo "2209"]
[BlackElo "2135"]
[PlyCount "40"]
[EventDate "2001.08.16"]
[EventType "swiss"]
[EventRounds "10"]
[EventCountry "POL"]
[SourceTitle "EXT 2002"]
[Source "ChessBase"]
[SourceDate "2001.11.25"]
[SourceVersion "1"]
[SourceVersionDate "2001.11.25"]
[SourceQuality "1"]

1. e4 e6 2. d4 d5 3. exd5 exd5 4. Nf3 Nf6 5. Bg5 Bb4+ 6. c3 Qe7+ 7. Be2 Bd6 8. 0-0 h6 9. Bh4 g5 10. Bg3 Bxg3 11. hxg3 Be6 12. Re1 Nbd7 13. Bd3 0-0-0 14. a4 Qd6 15. Na3 c6 16. Ne5 h5 17. b4 h4 18. g4 Ne4 19. Bxe4 dxe4 20. Nac4 Bxc4 1-0

[Event "Polanica Zdroj op"]
[Site "Polanica Zdroj"]
[Date "2001.08.22"]
[Round "7"]
[White "Noga, Jozef"]
[Black "Knap, Jerzy"]
[Result "1-0"]
[WhiteElo "2135"]
[BlackElo "2022"]
[PlyCount "40"]
[EventDate "2001.08.16"]
[EventType "swiss"]
[EventRounds "10"]
[EventCountry "POL"]
[SourceTitle "EXT 2002"]
[Source "ChessBase"]
[SourceDate "2001.11.25"]
[SourceVersion "1"]
[SourceVersionDate "2001.11.25"]
[SourceQuality "1"]

1. Nf3 d5 2. c4 c6 3. b3 f6 4. d4 Bf5 5. g3 e6 6. Bg2 Bb4+ 7. Bd2 Bxd2+ 8. Nbxd2 Ne7 9. 0-0 0-0 10. h3 Nd7 11. Nh4 Bg6 12. Nxg6 hxg6 13. e4 dxe4 14. Nxe4 Qc7 15. Qg4 f5 16. Qh4 Rf6 17. Nxf6+ Nxf6 18. Rfe1 Qd6 19. Qg5 Kf7 20. Rad1 Rh8 1-0

[Event "Polanica Zdroj op"]
[Site "Polanica Zdroj"]
[Date "2001.08.18"]
[Round "3"]
[White "Gorecki, Janusz"]
[Black "Noga, Jozef"]
[Result "0-1"]
[WhiteElo "2008"]
[BlackElo "2135"]
[PlyCount "40"]
[EventDate "2001.08.16"]
[EventType "swiss"]
[EventRounds "10"]
[EventCountry "POL"]
[SourceTitle "EXT 2002"]
[Source "ChessBase"]
[SourceDate "2001.11.25"]
[SourceVersion "1"]
[SourceVersionDate "2001.11.25"]
[SourceQuality "1"]

1. e4 e6 2. b3 d5 3. Bb2 Nf6 4. e5 Nfd7 5. f4 c5 6. Nc3 Nc6 7. Nf3 Be7 8. Bb5 0-0 9. Bxc6 bxc6 10. 0-0 Ba6 11. Re1 c4 12. d4 cxd3 13. cxd3 c5 14. d4 Rc8 15. dxc5 Nxc5 16. Re3 Qd7 17. b4 Nb7 18. a3 Bc4 19. Ne4 Qc7 20. Ned2 Qd8 0-1